| 000 | 01889nas a2200277Ia 4500 | ||
|---|---|---|---|
| 001 | R050-S0487 | ||
| 003 | IT-CnALBA | ||
| 008 | 170116c99999999xx |||||||||||| ||und|| | ||
| 040 |
_aIT-CnALBA _cIT-CnALBA |
||
| 041 | _aITALIANO | ||
| 100 | _aGUIDA D'ARGIANO | ||
| 210 | _aANTOLOGIA DOMESTICA | ||
| 222 | _aANTOLOGIA DOMESTICA | ||
| 245 | 0 | _aANTOLOGIA DOMESTICA. 26 GIUGNO 16 DICEMBRE 1876. CONVERSIONI POPOLARI. | |
| 250 | _a1a ed. | ||
| 260 |
_aTORINO _bECONOMICA TIPOGRAFIA _c1876 [1° Ed.:1876 - Ed.Ling.Originale: 1876] |
||
| 300 | _a16 p. | ||
| 310 | _aQUINDICINALE | ||
| 362 | _aFascicolo: 1-12 / Anno: 1 (1876) | ||
| 500 | _aAI LETTORI. PAGINE ILLUSTRATIVE, MORALE. L'IGIENE DELLA FAMIGLIA. LETTERA A MIA SORELLA MARIA, MAESTRA A... SETTIMANA DI LAVORO A BIRMINGHAM. BARTOLOMEO CRISTOFORI E L'INVENZIONE DEL PIANOFORTE. ORIGINE UOMINI ILLUSTRI. PAGINE RICREATIVE, LA TORRE DI MONTICI, RACCONTO. PRECOCE SVILUPPO DI ALCUNI CELEBRI INGEGNI. DAVANTI A UN QUADRO RAPPRESENTANTE LA MALINCONIA. SONETTO. DEFINIZIONE DEL COMUNISMO. PROPORZIONI TRA MISERIA E POPOLAZIONE. ANEDDOTI MASSIME SENTENZE E VARIETA'. INVENZIONI E SCOPERTE. EFFEMERIDI STORICHE. | ||
| 501 | _aSocietà San Paolo EM - Piazza San Paolo, 14 - 12051 ALBA (CN) (non commercial uses only) ® Copyright 2017 | ||
| 520 | _aAI LETTORI. PAGINE ILLUSTRATIVE, MORALE. L'IGIENE DELLA FAMIGLIA. LETTERA A MIA SORELLA MARIA, MAESTRA A... SETTIMANA DI LAVORO A BIRMINGHAM. BARTOLOMEO CRISTOFORI E L'INVENZIONE DEL PIANOFORTE. ORIGINE UOMINI ILLUSTRI. PAGINE RICREATIVE, LA TORRE DI MONTICI, RACCONTO. PRECOCE SVILUPPO DI ALCUNI CELEBRI INGEGNI. DAVANTI A UN QUADRO RAPPRESENTANTE LA MALINCONIA. SONETTO. DEFINIZIONE DEL COMUNISMO. PROPORZIONI TRA MISERIA E POPOLAZIONE. ANEDDOTI MASSIME SENTENZE E VARIETA'. INVENZIONI E SCOPERTE. EFFEMERIDI STORICHE. | ||
| 650 | _aPERIODICI | ||
| 942 | _cCR | ||
| 957 | _71 | ||
| 999 |
_a62053 _bSI _g1 _c329079 _d329079 |
||